Statistics for Five Southernmost Capital Cities by Continent

Click here to take the quiz!

General Stats

  • This quiz has been taken 2,731 times
    (2,610 since last reset)
  • The average score is 21 of 30

Answer Stats

ContinentLatitudeCapital City% Correct
Europe37°97' NAthens
93%
Oceania41°28' SWellington
90%
South America34°60' SBuenos Aires
90%
South America33°45' SSantiago
89%
Oceania35°30' SCanberra
89%
Africa33°91' SCape Town
88%
Asia6°20' SJakarta
88%
Europe38°70' NLisbon
86%
Europe40°38' NMadrid
86%
South America34°88' SMontevideo
85%
Asia1°28' NSingapore
80%
Europe35°88' NValletta
80%
South America16°50' SLa Paz (Sucre)
79%
Asia3°13' NKuala Lumpur
77%
North America8°98' NPanama City
75%
South America25°27' SAsunción
75%
Europe41°32' NTirana
66%
Asia8°57 ' SDili
64%
North America9°93' NSan José
63%
North America10°67' NPort-of-Spain
56%
Oceania18°13' SSuva
56%
Africa25°97' SMaputo
55%
North America12°13' NManagua
54%
Asia4°17' NMalé
49%
Africa29°30' SMaseru
48%
Africa26°32' SMbabane
46%
Africa29°10' SBloemfontein
43%
Oceania21°13' SNuku'alofa
38%
Oceania17°75' SPort Vila
37%
North America12°05' NSt George's
36%

Score Distribution

Percentile by Number Answered

Percent of People with Each Score

Your Score History

You have not taken this quiz since the last reset